Normal view
MARC view
Entry Personal Name
001 - CONTROL NUMBER
- control field: 51581
003 - CONTROL NUMBER IDENTIFIER
- control field: dpl
005 - DATE AND TIME OF LATEST TRANSACTION
- control field: 20120827162706.0
008 - FIXED-LENGTH DATA ELEMENTS
- fixed length control field: 120827|||a|||||| | ||| d
040 ## - CATALOGING SOURCE
- Original cataloging agency: dpl
- Transcribing agency: dpl
100 ## - HEADING--PERSONAL NAME
- Personal name: Shiradhonkar, Kiran
670 ## - SOURCE DATA FOUND
- Source citation: Work cat.: (dpl)57611: Shiradhonkar, Kiran, Understanding and developing creativity /, 2011
670 ## - SOURCE DATA FOUND
- Source citation: Work cat.: (dpl)57611: Shiradhonkar, Kiran, Understanding and developing creativity /, 2011
